Power system analysis (Record no. 1347)

000 -LEADER
fixed length control field 00590nam a2200229 a 4500
001 - CONTROL NUMBER
control field 1347
003 - CONTROL NUMBER IDENTIFIER
control field BD-DhUET
008 - FIXED-LENGTH DATA ELEMENTS--GENERAL INFORMATION
fixed length control field 931008s1994 nyua 001 0 eng
020 ## - INTERNATIONAL STANDARD BOOK NUMBER
International Standard Book Number 0070585156
020 ## - INTERNATIONAL STANDARD BOOK NUMBER
International Standard Book Number 0071133380
040 ## - CATALOGING SOURCE
Original cataloging agency DLC
Transcribing agency DLC
Modifying agency BD-DhUET
082 00 - DEWEY DECIMAL CLASSIFICATION NUMBER
Classification number 623.19
Item number GRA/1994
100 1# - MAIN ENTRY--PERSONAL NAME
Personal name Grainger, John J.
245 10 - TITLE STATEMENT
Title Power system analysis
250 ## - EDITION STATEMENT
Edition statement 1st ed.
260 ## - PUBLICATION, DISTRIBUTION, ETC. (IMPRINT)
Place of publication, distribution, etc. New York
Name of publisher, distributor, etc. McGraw-Hill
Date of publication, distribution, etc. 1994
300 ## - PHYSICAL DESCRIPTION
Extent xix, 787 p.
Other physical details ill.
504 ## - BIBLIOGRAPHY, ETC. NOTE
Bibliography, etc Includes bibliographies
650 #0 - SUBJECT ADDED ENTRY--TOPICAL TERM
Topical term or geographic name as entry element Electric power systems-Management
700 1# - ADDED ENTRY--PERSONAL NAME
Personal name Stevenson, William D.
942 ## - ADDED ENTRY ELEMENTS (KOHA)
Koha item type General Book
Holdings
Piece designation (barcode) Price effective from Date acquired Koha date last borrowed Koha date last seen Shelving location Not for loan Koha renewals Copy number Koha issues (times borrowed) Damaged status Koha normalized classification for sorting Koha item type Koha out on loan Sublocation or collection (holding branch) Withdrawn status Location (home branch) Koha full call number Source of classification or shelving scheme Lost status
1039602014-09-032014-09-032024-03-042024-06-01Circulation section  15 623_000000000000000_19GRA1994General Book Central Library, BUET Central Library, BUET623.19/GRA/1994  
1039612014-09-032014-09-032019-05-062020-01-14Circulation section  21 623_000000000000000_19GRA1994General Book Central Library, BUET Central Library, BUET623.19/GRA/1994  
1039622014-09-032014-09-032025-07-132025-11-03Circulation section 133 623_000000000000000_19GRA1994General Book Central Library, BUET Central Library, BUET623.19/GRA/1994  
1039632014-09-032014-09-032019-10-212025-04-22Circulation section  41 623_000000000000000_19GRA1994General Book Central Library, BUET Central Library, BUET623.19/GRA/1994  
1039642014-09-032014-09-032023-11-272023-11-27Circulation section  51 623_000000000000000_19GRA1994General Book2023-12-11Central Library, BUET Central Library, BUET623.19/GRA/1994  
1039652014-09-032014-09-03 2016-01-26Circulation section  6  623_000000000000000_19GRA1994General Book Central Library, BUET Central Library, BUET623.19/GRA/1994  
1039662014-09-032014-09-032021-02-132021-12-13Circulation section 271 623_000000000000000_19GRA1994General Book Central Library, BUET Central Library, BUET623.19/GRA/1994  
1039672014-09-032014-09-032022-02-062022-02-06Circulation section  82 623_000000000000000_19GRA1994General Book2023-02-06Central Library, BUET Central Library, BUET623.19/GRA/1994  
1039682014-09-032014-09-032025-05-032025-05-03Circulation section  95 623_000000000000000_19GRA1994General Book2025-05-17Central Library, BUET Central Library, BUET623.19/GRA/1994  
895292015-06-212015-06-21 2015-06-21Reading section  10  623_190000000000000_GRA_1994Reading Item Central Library, BUET Central Library, BUET623.19/GRA/1994  
911382015-06-212015-06-21 2015-06-21Reading section  11  623_190000000000000_GRA_1994Reading Item Central Library, BUET Central Library, BUET623.19/GRA/1994  
907772015-07-022015-07-02 2015-07-02Reading section  12  623_190000000000000_GRA_1994Reading Item Central Library, BUET Central Library, BUET623.19/GRA/1994